000 02686cam a2200301 4500500
005 20250123125641.0
041 _afre
042 _adc
100 1 0 _aGimbert, Fanny
_eauthor
700 1 0 _a Mazens, Karine
_eauthor
245 0 0 _aQuelles relations entre le laboratoire et la salle de classe ? L’exemple de l’apprentissage du nombre chez les jeunes enfants
260 _c2021.
500 _a52
520 _aLe développement des compétences mathématiques et l’apprentissage du concept de nombre chez les jeunes enfants suscite récemment un intérêt croissant à travers le prisme de différentes disciplines, plus ou moins jeunes, notamment les sciences de l’éducation, la psychologie des apprentissages et les neurosciences. Une première partie de cet article présente une synthèse des apports de la psychologie du développement en cognition numérique. Une seconde partie présente des résultats d’études interventionnelles auprès d’élèves, en laboratoire ou à l’école. Les études présentées évaluent l’efficacité de programmes d’intervention mettant en jeu une ou plusieurs compétences mathématiques dont au moins une en lien avec l’apprentissage du concept de nombre. Pour finir, sont présentées certaines initiatives récentes visant à renforcer le lien entre le laboratoire et la salle de classe concernant l’apprentissage des mathématiques.
520 _aThe development of mathematical skills and the learning of the number concept in young children has recently attracted increasing interest through the prism of various disciplines, including educational sciences, learning psychology and neurosciences. The first part of this article presents a synthesis of the contributions of developmental psychology to numerical cognition. The second part presents results from interventional studies with pupils, conducted in laboratory or at school. The studies presented evaluate the effectiveness of intervention programs involving one or more mathematical skills, with at least one related to learning the concept of number. Finally, some recent initiatives aimed at strengthening the link between the laboratory and the classroom in mathematics learning are presented.
690 _aapprentissage
690 _amathématiques
690 _aécole
690 _anombre
690 _aintervention
690 _anumber
690 _alearning
690 _aschool
690 _amathematics
690 _aintervention
786 0 _nRaisons éducatives | 25 | 1 | 2021-09-20 | p. 195-214 | 1375-4459
856 4 1 _uhttps://shs.cairn.info/revue-raisons-educatives-2021-1-page-195?lang=fr&redirect-ssocas=7080
999 _c812458
_d812458